000 00504nam a2200193Ia 4500
003 OSt
005 20251004105839.0
008 210210b2005 xxu||||| |||| 00| 0 eng d
040 _cAL
041 _aKannada
082 _aK894.301 ARYH
100 _aArya.
_970355
_dಆರ್ಯ
245 _aHaibrid kategalu
_bಹೈಬ್ರಿಡ್ ಕತೆಗಳು
260 _aHeggodu
_bAkshara Prakashana
_c2005
300 _a92
690 _aKannada Fiction
_970356
906 _a061181
942 _2ddc
_cBK
999 _c107885
_d107885